00000000nas##2200000za#4500
0019.514832
003CaOODSP
00520200325130655
007ta
008150406c1987||||xxc|| m #||||f|   |0eng|d
022 |a0833-0506
040 |aCaOODSP|beng
043 |an-cn---
0861 |aNM95-31E
1101 |aCanada.|bCanadian Museum of Civilization.
24510|aDirectorate paper
260 |aGatineau - Quebec : |bCanadian Museum of Civilization
310 |aIrregular
563 |aSoftcover
69007|aArchaeology|2gcpds
69007|aCanadian history|2gcpds
69007|aMuseums|2gcpds
69007|aUniversities|2gcpds
69007|aIndigenous culture|2gcpds
7760#|tDirectorate paper - Canadian Museum of Civilization |w(CaOODSP)9.500011
7760#|tDirectorat dossier - Musée canadien des civilisations |w(CaOODSP)9.500012
7760#|tDirectorate paper - Canadian Museum of Civilization |w(CaOODSP)9.512521
7760#|tDirectorate paper - Canadian Museum of Civilization |w(CaOODSP)9.512541